000 00728nam a2200205Ia 4500
005 20260121110400.0
008 008 260114s9999 xx 000 0 hin d
020 _a9788132395911
037 _aEBOOK
040 _aCRL
_bhin
_cCRL
041 _ahin
_2hin
084 _qCRL
100 _aकार्तिकन आहूजा / Kartikaan Ahuja
_9945494
245 0 _aपेशेवर पशुचिकित्सक बनने के लिए गाइड / Peshawar Pashuchikitsak Banane Ke Liye Guide
260 _bभाषा प्रकाशन / Bhasha Prakashan
_c2023
856 _uhttps://bhashaprakashan.com/product-details/437993
942 _cEBOOK
999 _c1537158
_d1537158